[Event "España ch Universitario 2010"]
[Site "Leon ESP"]
[Date "2010.05.03"]
[Round "1.2"]
[White "Troncoso Gutierrez, Juan Manuel"]
[Black "Llaneza Vega, Marcos"]
[Result "0-1"]
[WhiteElo "2042"]
[BlackElo "2475"]
[PlyCount "48"]
[EventDate "2010.05.03"]
[EventType "swiss"]
[EventRounds "9"]
[EventCountry "ESP"]
[Source "lmi"]
[SourceDate "2010.05.03"]

1. d4 Nf6 2. c4 Nc6 3. Nc3 e5 4. d5 Ne7 5. g3 Ng6 6. Bg2 a6 7. a4 Bc5 8. Nf3 d6
9. O-O h6 10. Qc2 O-O 11. b3 Qe7 12. Nd2 Bg4 13. e3 Qd7 14. Nde4 Nxe4 15. Bxe4
Bh3 16. Bg2 Rae8 17. e4 Qg4 18. Qe2 Qc8 19. Be3 Bd4 20. Qd2 Nh4 21. Bxh6 Bxg2
22. gxh4 Qg4 23. Qg5 Qxg5 24. Bxg5 Bxf1 0-1

[Event "España ch Universitario 2010"]
[Site "Leon ESP"]
[Date "2010.05.03"]
[Round "1.3"]
[White "Recuero Guerra, David"]
[Black "Aguado Solana, Juan"]
[Result "1-0"]
[WhiteElo "2470"]
[BlackElo "2038"]
[PlyCount "57"]
[EventDate "2010.05.03"]
[EventType "swiss"]
[EventRounds "9"]
[EventCountry "ESP"]
[Source "lmi"]
[SourceDate "2010.05.03"]

1. e4 c5 2. Nf3 d6 3. d4 cxd4 4. Nxd4 Nf6 5. Nc3 a6 6. Be3 e6 7. f3 b5 8. Qd2
Nbd7 9. O-O-O Nb6 10. Qf2 Nfd7 11. Kb1 Bb7 12. f4 b4 13. f5 bxc3 14. fxe6 Ne5
15. Nb5 Na4 16. exf7+ Nxf7 17. b3 Bc6 18. Nd4 Bd7 19. Bc4 Ne5 20. Rhf1 Qe7 21.
Bd5 Rb8 22. Qg3 h6 23. Nf3 Nxf3 24. Rxf3 g5 25. Bd4 Rh7 26. Bf6 Be6 27. Bxe7
Bxd5 28. Rxf8+ Kxe7 29. Rxb8 1-0

[Event "España ch Universitario 2010"]
[Site "Leon ESP"]
[Date "2010.05.03"]
[Round "1.4"]
[White "Garcia Bernardez, Jaime"]
[Black "Vila Gazquez, Javier"]
[Result "0-1"]
[WhiteElo "2038"]
[BlackElo "2465"]
[PlyCount "55"]
[EventDate "2010.05.03"]
[EventType "swiss"]
[EventRounds "9"]
[EventCountry "ESP"]
[Source "lmi"]
[SourceDate "2010.05.03"]

1. e4 c5 2. Nf3 e6 3. d3 Nc6 4. g3 g6 5. Bg2 Bg7 6. O-O Nge7 7. c3 d5 8. Nbd2
O-O 9. Re1 b5 10. e5 b4 11. d4 bxc3 12. bxc3 Ba6 13. Nb3 cxd4 14. cxd4 Bc4 15.
Nc5 Qc7 16. g4 Rfc8 17. Be3 Nb4 18. a3 Na6 19. Nd2 Nxc5 20. Nxc4 Nb7 21. Nd2
Qa5 22. h4 Rab8 23. Bf1 Rc3 24. Nb1 Rc7 25. Bd2 Qb6 26. Nc3 a6 27. Qa4 Nc6 28.
Be3 0-1

[Event "España ch Universitario 2010"]
[Site "Leon ESP"]
[Date "2010.05.03"]
[Round "1.5"]
[White "Rodriguez Guerrero, Enrique"]
[Black "Colls Bosch, Emili"]
[Result "1-0"]
[WhiteElo "2463"]
[BlackElo "2025"]
[PlyCount "45"]
[EventDate "2010.05.03"]
[EventType "swiss"]
[EventRounds "9"]
[EventCountry "ESP"]
[Source "lmi"]
[SourceDate "2010.05.03"]

1. e4 Nf6 2. e5 Nd5 3. d4 d6 4. c4 Nb6 5. exd6 cxd6 6. Nc3 g6 7. Be3 Bg7 8. Rc1
O-O 9. b3 e5 10. dxe5 dxe5 11. Qxd8 Rxd8 12. c5 N6d7 13. Nf3 Nc6 14. Bc4 Na5
15. Be2 Nf8 16. Nb5 Be6 17. O-O Nc6 18. Rfd1 a6 19. Nd6 Rd7 20. Ng5 Bf6 21. Bf3
Be7 22. Nxb7 Rc7 23. Na5 1-0

[Event "España ch Universitario 2010"]
[Site "Leon ESP"]
[Date "2010.05.03"]
[Round "2.2"]
[White "Llaneza Vega, Marcos"]
[Black "Torres Ventosa, Pedro Eugenio"]
[Result "1-0"]
[WhiteElo "2475"]
[BlackElo "2174"]
[PlyCount "65"]
[EventDate "2010.05.03"]
[EventType "swiss"]
[EventRounds "9"]
[EventCountry "ESP"]
[Source "lmi"]
[SourceDate "2010.05.03"]

1. e4 d6 2. d4 Nf6 3. Nc3 e5 4. dxe5 dxe5 5. Qxd8+ Kxd8 6. Bg5 Be7 7. O-O-O+
Nbd7 8. f4 Ng4 9. Bxe7+ Kxe7 10. Nd5+ Kd8 11. Nh3 c6 12. Be2 Nh6 13. Nc3 Ke7
14. f5 b5 15. Nf2 f6 16. h4 a5 17. g4 Nf7 18. g5 fxg5 19. hxg5 Ba6 20. Rdg1 b4
21. Bxa6 bxc3 22. Bd3 cxb2+ 23. Kxb2 Nd6 24. Ng4 Raf8 25. Rh3 Nf7 26. Ne3 Rb8+
27. Kc1 Rb4 28. Rf3 Rhb8 29. c3 Rb2 30. f6+ gxf6 31. gxf6+ Nxf6 32. Rgf1 Rxa2
33. Nc2 1-0

[Event "España ch Universitario 2010"]
[Site "Leon ESP"]
[Date "2010.05.03"]
[Round "2.3"]
[White "Gutierrez Olivares, Daniel"]
[Black "Recuero Guerra, David"]
[Result "1/2-1/2"]
[WhiteElo "2179"]
[BlackElo "2470"]
[PlyCount "66"]
[EventDate "2010.05.03"]
[EventType "swiss"]
[EventRounds "9"]
[EventCountry "ESP"]
[Source "lmi"]
[SourceDate "2010.05.03"]

1. Nf3 d5 2. e3 Nf6 3. b3 g6 4. Bb2 Bg7 5. Be2 O-O 6. O-O c5 7. d3 Qc7 8. Be5
Qb6 9. Nc3 Nbd7 10. Na4 Qd8 11. Bb2 Qc7 12. c4 dxc4 13. bxc4 b6 14. Nc3 Bb7 15.
Qc2 Rad8 16. e4 Qb8 17. Rfe1 e6 18. a4 Ng4 19. a5 Nge5 20. axb6 axb6 21. Nxe5
Nxe5 22. Nb5 Nc6 23. Bxg7 Kxg7 24. Qb2+ Kg8 25. Ra3 Rd7 26. Nc3 Nd4 27. Bf1 Bc6
28. Ne2 Nxe2+ 29. Bxe2 Rb7 30. Rb1 b5 31. cxb5 Rxb5 32. Rb3 Rxb3 33. Qxb3 Qxb3
1/2-1/2

[Event "España ch Universitario 2010"]
[Site "Leon ESP"]
[Date "2010.05.03"]
[Round "2.4"]
[White "Vila Gazquez, Javier"]
[Black "Eyo Castro-Rial, Alberto"]
[Result "1/2-1/2"]
[WhiteElo "2465"]
[BlackElo "2169"]
[PlyCount "62"]
[EventDate "2010.05.03"]
[EventType "swiss"]
[EventRounds "9"]
[EventCountry "ESP"]
[Source "lmi"]
[SourceDate "2010.05.03"]

1. d4 e6 2. Nf3 Nf6 3. e3 Be7 4. Bd3 b6 5. O-O Bb7 6. Nbd2 O-O 7. b3 c5 8. Bb2
Nc6 9. c4 d5 10. Rc1 Rc8 11. Bb1 Qd6 12. Re1 Rfd8 13. Qe2 cxd4 14. exd4 Qf4 15.
a3 Ba6 16. g3 Qb8 17. Qe3 Na5 18. Ne5 Qd6 19. c5 bxc5 20. dxc5 d4 21. cxd6 dxe3
22. dxe7 exd2 23. exd8=Q+ Rxd8 24. b4 dxe1=Q+ 25. Rxe1 Nc4 26. Nxc4 Bxc4 27.
Rc1 Bb3 28. Kf1 Nd5 29. Ba1 f5 30. Be5 Rd7 31. Ke2 Kf7 1/2-1/2

[Event "España ch Universitario 2010"]
[Site "Leon ESP"]
[Date "2010.05.03"]
[Round "2.5"]
[White "San Martin Ramos, Luis"]
[Black "Rodriguez Guerrero, Enrique"]
[Result "0-1"]
[WhiteElo "2173"]
[BlackElo "2463"]
[PlyCount "66"]
[EventDate "2010.05.03"]
[EventType "swiss"]
[EventRounds "9"]
[EventCountry "ESP"]
[Source "lmi"]
[SourceDate "2010.05.03"]

1. e4 c5 2. d4 cxd4 3. c3 g6 4. Nf3 Bg7 5. cxd4 d5 6. exd5 Nf6 7. Bb5+ Nbd7 8.
d6 exd6 9. Qe2+ Qe7 10. Qxe7+ Kxe7 11. Nc3 Nb6 12. O-O h6 13. Bf4 Be6 14. Rfe1
Rhd8 15. Rac1 Rac8 16. a3 a6 17. Bd3 Kd7 18. Ne4 Nxe4 19. Bxe4 Nd5 20. Bd2 Rxc1
21. Rxc1 f5 22. Bd3 g5 23. h4 g4 24. Ne1 Bxd4 25. Bxh6 g3 26. Nf3 Bxf2+ 27. Kf1
Ne3+ 28. Bxe3 Bxe3 29. Rc3 f4 30. Ng5 Bg4 31. Ne4 Bd4 32. Rc4 Be5 33. Nxg3 Be6
0-1

[Event "España ch Universitario 2010"]
[Site "Leon ESP"]
[Date "2010.05.03"]
[Round "3.2"]
[White "Vallejo Diaz, Jesus"]
[Black "Llaneza Vega, Marcos"]
[Result "1/2-1/2"]
[WhiteElo "2273"]
[BlackElo "2475"]
[PlyCount "60"]
[EventDate "2010.05.03"]
[EventType "swiss"]
[EventRounds "9"]
[EventCountry "ESP"]
[Source "lmi"]
[SourceDate "2010.05.03"]

1. e4 c5 2. Nf3 e6 3. b3 Nf6 4. e5 Nd5 5. Bb2 Nc6 6. g3 d6 7. exd6 Nf6 8. Bg2
Bxd6 9. O-O O-O 10. d4 cxd4 11. Nxd4 Nxd4 12. Bxd4 e5 13. Bb2 Bg4 14. Qe1 Qe7
15. c4 Rad8 16. Nc3 Bb4 17. a3 Bc5 18. h3 Bf5 19. Qc1 Rfe8 20. Re1 Rd3 21. b4
Bd4 22. Nd5 Nxd5 23. Bxd4 Rxd4 24. cxd5 Qd7 25. Qe3 Rd3 26. Qxa7 Bxh3 27. Bxh3
Qxh3 28. Qxb7 h5 29. Qb5 Rxg3+ 30. fxg3 Qxg3+ 1/2-1/2

[Event "España ch Universitario 2010"]
[Site "Leon ESP"]
[Date "2010.05.03"]
[Round "3.3"]
[White "Rodriguez Guerrero, Enrique"]
[Black "Hernandez Leon, Alberto"]
[Result "1-0"]
[WhiteElo "2463"]
[BlackElo "2271"]
[PlyCount "87"]
[EventDate "2010.05.03"]
[EventType "swiss"]
[EventRounds "9"]
[EventCountry "ESP"]
[Source "lmi"]
[SourceDate "2010.05.03"]

1. e4 c5 2. Nf3 d6 3. d4 cxd4 4. Nxd4 e5 5. Bb5+ Bd7 6. Bxd7+ Qxd7 7. Nf5 Nf6
8. Nc3 Nxe4 9. Nxg7+ Bxg7 10. Nxe4 d5 11. Bh6 O-O 12. Bxg7 Kxg7 13. Ng3 Nc6 14.
O-O f5 15. f4 e4 16. c3 Rad8 17. Rc1 d4 18. cxd4 Qxd4+ 19. Qxd4+ Rxd4 20. Rfd1
Rxd1+ 21. Rxd1 Kg6 22. Rd6+ Rf6 23. Rd7 b6 24. a3 a5 25. h4 h5 26. Kf2 Nb8 27.
Rd8 Na6 28. Rg8+ Kf7 29. Rg5 Nc5 30. Nxh5 Rd6 31. Rxf5+ Kg6 32. Rg5+ Kf7 33. b4
axb4 34. axb4 Na4 35. Ng3 Nc3 36. Re5 Rd2+ 37. Kg1 Rd4 38. h5 Rxb4 39. h6 Rb3
40. h7 Kg7 41. Re7+ Kh8 42. f5 Nd5 43. Rxe4 Kxh7 44. Nf1 1-0

[Event "España ch Universitario 2010"]
[Site "Leon ESP"]
[Date "2010.05.03"]
[Round "3.4"]
[White "Bermejo Martinez, Jorge"]
[Black "Almagro Llamas, Pablo"]
[Result "0-1"]
[WhiteElo "2267"]
[BlackElo "2456"]
[PlyCount "84"]
[EventDate "2010.05.03"]
[EventType "swiss"]
[EventRounds "9"]
[EventCountry "ESP"]
[Source "lmi"]
[SourceDate "2010.05.03"]

1. d4 Nf6 2. c4 e6 3. Nc3 Bb4 4. e3 b6 5. Bd3 Bb7 6. Nge2 O-O 7. O-O d5 8. a3
Bd6 9. cxd5 exd5 10. Ng3 Re8 11. b4 Nbd7 12. Bd2 a6 13. Nf5 Bf8 14. Qf3 Ne4 15.
Qg4 g6 16. Nxe4 dxe4 17. Bc4 Nf6 18. Qg5 Nd5 19. Nh6+ Kg7 20. Nf5+ Kh8 21. Qxd8
Raxd8 22. Ng3 f5 23. Rac1 Bd6 24. Ne2 g5 25. Nc3 Nxc3 26. Bxc3 Kg7 27. Bb3 h5
28. Bd2 Kf6 29. Ba4 Re6 30. Bb3 Re7 31. Ba4 h4 32. Bc6 Bc8 33. f3 exf3 34. gxf3
Kg6 35. e4 Be5 36. d5 fxe4 37. fxe4 Bh3 38. Rfe1 Bd4+ 39. Kh1 Bg4 40. Kg2 Rf8
41. Rf1 Rxf1 42. Rxf1 Be2 0-1

[Event "España ch Universitario 2010"]
[Site "Leon ESP"]
[Date "2010.05.03"]
[Round "3.5"]
[White "Aloma Vidal, Robert"]
[Black "Claros Egea, Christian"]
[Result "1-0"]
[WhiteElo "2445"]
[BlackElo "2261"]
[PlyCount "35"]
[EventDate "2010.05.03"]
[EventType "swiss"]
[EventRounds "9"]
[EventCountry "ESP"]
[Source "lmi"]
[SourceDate "2010.05.03"]

1. d4 d5 2. c4 e6 3. Nf3 Nf6 4. g3 c6 5. Bg2 Bd6 6. O-O O-O 7. Nc3 Nbd7 8. Nd2
Qe7 9. e4 dxe4 10. Ndxe4 Bc7 11. Re1 Nxe4 12. Nxe4 h6 13. d5 cxd5 14. cxd5 exd5
15. Nc3 Qd8 16. Nxd5 Bd6 17. Qd4 Nc5 18. Bxh6 1-0

[Event "España ch Universitario 2010"]
[Site "Leon ESP"]
[Date "2010.05.03"]
[Round "4.1"]
[White "Fernandez Borrego, Pablo"]
[Black "Rodriguez Guerrero, Enrique"]
[Result "1/2-1/2"]
[WhiteElo "2296"]
[BlackElo "2463"]
[PlyCount "81"]
[EventDate "2010.05.03"]
[EventType "swiss"]
[EventRounds "9"]
[EventCountry "ESP"]
[Source "lmi"]
[SourceDate "2010.05.03"]

1. e3 e5 2. d4 d6 3. dxe5 dxe5 4. Qxd8+ Kxd8 5. Bc4 f6 6. Nc3 c6 7. a4 Kc7 8.
Nge2 Bc5 9. O-O a5 10. Bd2 f5 11. e4 f4 12. Nc1 Nf6 13. Nd3 Nbd7 14. Nxc5 Nxc5
15. f3 Nfd7 16. Rfd1 Nb6 17. Bf1 Be6 18. Be1 Nc4 19. Bf2 Nd7 20. b3 Nd6 21. Rd2
Nf7 22. Rad1 Rad8 23. Nb1 b6 24. Na3 g5 25. Bc4 Rhe8 26. Kf1 Nf6 27. Rxd8 Rxd8
28. Ke2 Rxd1 29. Kxd1 Bxc4 30. Nxc4 Nd7 31. Kd2 Nd8 32. h4 h6 33. hxg5 hxg5 34.
c3 Nb7 35. b4 axb4 36. cxb4 b5 37. axb5 cxb5 38. Nb2 Nd6 39. Kc3 g4 40. Nd3 g3
41. Bg1 1/2-1/2

[Event "España ch Universitario 2010"]
[Site "Leon ESP"]
[Date "2010.05.03"]
[Round "4.2"]
[White "Almagro Llamas, Pablo"]
[Black "Vega Gutierrez, Sabrina"]
[Result "1/2-1/2"]
[WhiteElo "2456"]
[BlackElo "2330"]
[PlyCount "28"]
[EventDate "2010.05.03"]
[EventType "swiss"]
[EventRounds "9"]
[EventCountry "ESP"]
[Source "lmi"]
[SourceDate "2010.05.03"]

1. e4 c5 2. Nf3 Nc6 3. Bb5 e6 4. Bxc6 bxc6 5. O-O Ne7 6. d3 Ng6 7. Ng5 e5 8.
Qh5 Qf6 9. Nc3 d6 10. Ne2 h6 11. Nh3 Nh4 12. Ng5 Ng6 13. Nh3 Nh4 14. Ng5 Ng6
1/2-1/2

[Event "España ch Universitario 2010"]
[Site "Leon ESP"]
[Date "2010.05.03"]
[Round "4.3"]
[White "Camacho Collados, Marcos"]
[Black "Aloma Vidal, Robert"]
[Result "1/2-1/2"]
[WhiteElo "2279"]
[BlackElo "2445"]
[PlyCount "76"]
[EventDate "2010.05.03"]
[EventType "swiss"]
[EventRounds "9"]
[EventCountry "ESP"]
[Source "lmi"]
[SourceDate "2010.05.03"]

1. e4 Nf6 2. e5 Nd5 3. c4 Nb6 4. d4 d6 5. exd6 exd6 6. Nf3 Be7 7. Bd3 Nc6 8. a3
Bg4 9. Be3 Bf6 10. Be2 Bxf3 11. gxf3 d5 12. c5 Nc4 13. b4 O-O 14. Nc3 Re8 15.
Qd3 b6 16. Nxd5 Qxd5 17. Qxc4 Qxc4 18. Bxc4 Nxd4 19. O-O-O bxc5 20. bxc5 Nf5
21. Rd7 Re7 22. Rhd1 Nxe3 23. Rd8+ Re8 24. Rxa8 Rxa8 25. fxe3 Bg5 26. f4 Be7
27. Rd7 Bxc5 28. Bxf7+ Kh8 29. Kd2 Bxa3 30. Rxc7 a5 31. Be6 Bd6 32. Rc8+ Rxc8
33. Bxc8 g5 34. fxg5 Bxh2 35. Kd3 Kg7 36. Ke4 a4 37. Kf5 a3 38. Be6 Bd6 1/2-1/2

[Event "España ch Universitario 2010"]
[Site "Leon ESP"]
[Date "2010.05.03"]
[Round "4.4"]
[White "Pena Gomez, Manuel"]
[Black "Moreno Gracia, Daniel"]
[Result "1-0"]
[WhiteElo "2432"]
[BlackElo "2309"]
[PlyCount "81"]
[EventDate "2010.05.03"]
[EventType "swiss"]
[EventRounds "9"]
[EventCountry "ESP"]
[Source "lmi"]
[SourceDate "2010.05.03"]

1. g3 Nf6 2. Bg2 d5 3. c4 e6 4. Nf3 dxc4 5. O-O Nbd7 6. Qa4 a6 7. Qxc4 b5 8.
Qc2 Bb7 9. a4 c5 10. axb5 axb5 11. Rxa8 Qxa8 12. Na3 Qa6 13. d3 Be7 14. Qb3 b4
15. Nc4 O-O 16. Bd2 Ra8 17. Rc1 Bd5 18. e4 Bc6 19. Qd1 h6 20. Qe2 Nb6 21. Nfe5
Bb5 22. Be3 Nxc4 23. dxc4 Be8 24. Nd3 Nd7 25. Qg4 Kh8 26. e5 Rd8 27. Qe4 f5 28.
Qc6 Qxc6 29. Bxc6 Nb8 30. Bxe8 Rxd3 31. Bf7 Nc6 32. Bxe6 Nxe5 33. Bxf5 Rb3 34.
Ra1 g6 35. Be4 g5 36. Ra7 Bf8 37. h4 gxh4 38. gxh4 Nxc4 39. Bf4 Rxb2 40. Bd3
Bg7 41. Ra8+ 1-0

[Event "España ch Universitario 2010"]
[Site "Leon ESP"]
[Date "2010.05.03"]
[Round "4.5"]
[White "Valmaña Canto, Jaime"]
[Black "Sanchez Saez, Francisco"]
[Result "1/2-1/2"]
[WhiteElo "2369"]
[BlackElo "2195"]
[PlyCount "22"]
[EventDate "2010.05.03"]
[EventType "swiss"]
[EventRounds "9"]
[EventCountry "ESP"]
[Source "lmi"]
[SourceDate "2010.05.03"]

1. e4 c5 2. Nf3 d6 3. d4 cxd4 4. Nxd4 Nf6 5. Nc3 g6 6. Be3 Bg7 7. f3 O-O 8. Qd2
Nc6 9. Bc4 Bd7 10. O-O-O Rb8 11. h4 Nxd4 1/2-1/2

[Event "España ch Universitario 2010"]
[Site "Leon ESP"]
[Date "2010.05.04"]
[Round "5.1"]
[White "Rabadan Velasco, Raul"]
[Black "Pena Gomez, Manuel"]
[Result "1-0"]
[WhiteElo "2359"]
[BlackElo "2432"]
[PlyCount "81"]
[EventDate "2010.05.03"]
[EventType "swiss"]
[EventRounds "9"]
[EventCountry "ESP"]
[Source "lmi"]
[SourceDate "2010.05.03"]

1. e4 c5 2. Nf3 e6 3. d4 cxd4 4. Nxd4 Nc6 5. Nc3 Qc7 6. Be3 a6 7. Qd2 Nf6 8. f3
Bb4 9. a3 Be7 10. g4 O-O 11. h4 d5 12. exd5 Nxd4 13. Qxd4 Nxd5 14. Nxd5 exd5
15. O-O-O Be6 16. g5 Rac8 17. Bd3 Qa5 18. Bd2 Qc5 19. Bc3 Qxd4 20. Bxd4 Bd6 21.
Rde1 Rfe8 22. Be5 Bxe5 23. Rxe5 Bd7 24. Rhe1 Bc6 25. Rxe8+ Rxe8 26. Rxe8+ Bxe8
27. Kd2 Kf8 28. Ke3 Ke7 29. Kd4 Kd6 30. f4 Bd7 31. Be2 Bf5 32. Bf3 Be6 33. c4
dxc4 34. Bxb7 a5 35. Ba6 Bd7 36. Bxc4 Be8 37. b4 axb4 38. axb4 Ke7 39. Ke5 h6
40. gxh6 f6+ 41. Kd5 1-0

[Event "España ch Universitario 2010"]
[Site "Leon ESP"]
[Date "2010.05.04"]
[Round "5.2"]
[White "Rodriguez Guerrero, Enrique"]
[Black "Pallardo Lozoya, Jose Vicente"]
[Result "1/2-1/2"]
[WhiteElo "2463"]
[BlackElo "2356"]
[PlyCount "46"]
[EventDate "2010.05.03"]
[EventType "swiss"]
[EventRounds "9"]
[EventCountry "ESP"]
[Source "lmi"]
[SourceDate "2010.05.03"]

1. e4 e6 2. d4 d5 3. Nc3 Nf6 4. e5 Nfd7 5. f4 c5 6. Nf3 Nc6 7. Be3 a6 8. Qd2 b5
9. dxc5 Bxc5 10. Ne2 Qb6 11. Bxc5 Nxc5 12. Ned4 Nxd4 13. Qxd4 b4 14. Bd3 a5 15.
O-O Ba6 16. Bxa6 Rxa6 17. Kh1 O-O 18. a3 Rc8 19. axb4 axb4 20. b3 Qb5 21. Qe3
Ne4 22. Nd4 Qb6 23. Rad1 g6 1/2-1/2

[Event "España ch Universitario 2010"]
[Site "Leon ESP"]
[Date "2010.05.04"]
[Round "5.3"]
[White "Vega Gutierrez, Sabrina"]
[Black "Llaneza Vega, Marcos"]
[Result "0-1"]
[WhiteElo "2330"]
[BlackElo "2475"]
[PlyCount "57"]
[EventDate "2010.05.03"]
[EventType "swiss"]
[EventRounds "9"]
[EventCountry "ESP"]
[Source "lmi"]
[SourceDate "2010.05.03"]

1. e4 c5 2. Nf3 e6 3. d4 cxd4 4. Nxd4 a6 5. Be2 Nf6 6. Nc3 Qc7 7. O-O Bc5 8.
Nb3 Be7 9. f4 d6 10. Be3 Nbd7 11. g4 h6 12. Bf3 g6 13. Kh1 Rb8 14. a4 b6 15.
Qe2 Bb7 16. Qf2 h5 17. g5 Ng4 18. Bxg4 hxg4 19. Bd4 Rh3 20. Qg2 Nc5 21. Nd2 e5
22. Bxc5 Qxc5 23. Qxg4 Rh7 24. Nb3 Qb4 25. fxe5 dxe5 26. Rad1 Rd8 27. Rxd8+
Bxd8 28. Rd1 Qe7 29. a5 0-1

[Event "España ch Universitario 2010"]
[Site "Leon ESP"]
[Date "2010.05.04"]
[Round "5.4"]
[White "Recuero Guerra, David"]
[Black "Camacho Collados, Marcos"]
[Result "1/2-1/2"]
[WhiteElo "2470"]
[BlackElo "2279"]
[PlyCount "70"]
[EventDate "2010.05.03"]
[EventType "swiss"]
[EventRounds "9"]
[EventCountry "ESP"]
[Source "lmi"]
[SourceDate "2010.05.03"]

1. e4 e5 2. Nf3 Nf6 3. d4 Nxe4 4. Bd3 d5 5. Nxe5 Nd7 6. Nxd7 Bxd7 7. O-O Bd6 8.
Qh5 O-O 9. Qxd5 Bc6 10. Qh5 g6 11. Qh3 Ng5 12. Bxg5 Qxg5 13. Nc3 Rfe8 14. Rae1
Qf4 15. Ne2 Qd2 16. Rd1 Qa5 17. c4 Rad8 18. c5 Bf8 19. Bc4 b5 20. cxb6 cxb6 21.
Qb3 Rd7 22. Nc3 b5 23. Bxb5 Bxb5 24. Qxb5 Qxb5 25. Nxb5 Rb8 26. a4 a6 27. Nc3
Rxb2 28. Ne4 Kg7 29. Nc5 Bxc5 30. dxc5 Rxd1 31. Rxd1 Rc2 32. g3 Rxc5 33. Rd4
Rc6 34. Kf1 Kf6 35. Ke2 Ke6 1/2-1/2

[Event "España ch Universitario 2010"]
[Site "Leon ESP"]
[Date "2010.05.04"]
[Round "5.5"]
[White "Mayans Calvo, Mariano"]
[Black "Almagro Llamas, Pablo"]
[Result "1/2-1/2"]
[WhiteElo "2225"]
[BlackElo "2456"]
[PlyCount "81"]
[EventDate "2010.05.03"]
[EventType "swiss"]
[EventRounds "9"]
[EventCountry "ESP"]
[Source "lmi"]
[SourceDate "2010.05.03"]

1. c4 c6 2. g3 d5 3. Bg2 Nf6 4. Nf3 Bf5 5. cxd5 cxd5 6. Qb3 Qb6 7. Qxb6 axb6 8.
Nc3 e6 9. d3 Nc6 10. Bf4 h6 11. O-O Bc5 12. a3 O-O 13. Nb5 Rfc8 14. Nd6 Bxd6
15. Bxd6 Nd7 16. Rac1 Bg4 17. Rc3 Bxf3 18. Bxf3 Nd4 19. Rfc1 Rxc3 20. bxc3
Nxf3+ 21. exf3 f6 22. Rb1 Rc8 23. Rc1 Rc6 24. Bf4 Nc5 25. Rd1 Kf7 26. c4 d4 27.
Kf1 e5 28. Bc1 Nb3 29. Bd2 Nc5 30. Ke2 Ke6 31. Bb4 Nd7 32. Bd2 Rc8 33. Rb1 Kd6
34. f4 Kc6 35. fxe5 Nxe5 36. f4 Nd7 37. Be1 Ra8 38. Bf2 Rxa3 39. Bxd4 Nc5 40.
f5 h5 41. h3 1/2-1/2

[Event "España ch Universitario 2010"]
[Site "Leon ESP"]
[Date "2010.05.04"]
[Round "6.1"]
[White "Llaneza Vega, Marcos"]
[Black "Rabadan Velasco, Raul"]
[Result "1-0"]
[WhiteElo "2475"]
[BlackElo "2359"]
[PlyCount "86"]
[EventDate "2010.05.03"]
[EventType "swiss"]
[EventRounds "9"]
[EventCountry "ESP"]
[Source "lmi"]
[SourceDate "2010.05.03"]

1. e4 e5 2. Nf3 Nc6 3. Bb5 a6 4. Ba4 Nf6 5. O-O Be7 6. Re1 b5 7. Bb3 d6 8. c3
O-O 9. d4 Bg4 10. d5 Na5 11. Bc2 c6 12. h3 Bd7 13. Nxe5 dxe5 14. d6 c5 15. dxe7
Qxe7 16. Bg5 Rfd8 17. Nd2 h6 18. Bh4 Be6 19. Qe2 Nc4 20. Nxc4 Bxc4 21. Qe3 Rac8
22. b3 Be6 23. Red1 b4 24. Bg3 Nh5 25. Bxe5 Bxb3 26. Bxb3 Qxe5 27. cxb4 cxb4
28. Qa7 Qf6 29. Rac1 Nf4 30. Rxc8 Rxc8 31. Qd7 Ne2+ 32. Kh1 Rf8 33. Qf5 Qxf5
34. exf5 Nc3 35. Rd7 a5 36. Ra7 a4 37. Bxa4 Nxa2 38. Rb7 Nc1 39. Rxb4 Nd3 40.
Rd4 Nc5 41. Bb5 Nb7 42. Rd7 Nc5 43. Re7 Nb3 1-0

[Event "España ch Universitario 2010"]
[Site "Leon ESP"]
[Date "2010.05.04"]
[Round "6.2"]
[White "Pallardo Lozoya, Jose Vicente"]
[Black "Aloma Vidal, Robert"]
[Result "1-0"]
[WhiteElo "2356"]
[BlackElo "2445"]
[PlyCount "55"]
[EventDate "2010.05.03"]
[EventType "swiss"]
[EventRounds "9"]
[EventCountry "ESP"]
[Source "lmi"]
[SourceDate "2010.05.03"]

1. e4 Nf6 2. e5 Nd5 3. c4 Nb6 4. d4 d6 5. f4 dxe5 6. fxe5 Nc6 7. Be3 Bf5 8. Be2
e6 9. Nf3 Nb4 10. Na3 c5 11. O-O Be7 12. Qb3 Qc8 13. dxc5 Bxc5 14. Nd4 O-O 15.
Nxf5 exf5 16. Kh1 Bxe3 17. Qxe3 Re8 18. Qc3 Nc6 19. Nb5 Rxe5 20. Bf3 Re7 21. c5
Nd7 22. Nd6 Qc7 23. Nxf5 Re5 24. Bxc6 bxc6 25. Qg3 g6 26. Nh6+ Kg7 27. Nxf7
Rae8 28. Qf4 1-0

[Event "España ch Universitario 2010"]
[Site "Leon ESP"]
[Date "2010.05.04"]
[Round "6.3"]
[White "Almagro Llamas, Pablo"]
[Black "Galan Martin, Pedro Juan"]
[Result "1-0"]
[WhiteElo "2456"]
[BlackElo "2115"]
[PlyCount "61"]
[EventDate "2010.05.03"]
[EventType "swiss"]
[EventRounds "9"]
[EventCountry "ESP"]
[Source "lmi"]
[SourceDate "2010.05.03"]

1. e4 c5 2. Nf3 d6 3. d4 cxd4 4. Nxd4 Nf6 5. Nc3 a6 6. Bc4 e6 7. Bb3 Nbd7 8.
Bg5 Qa5 9. Bxf6 Nxf6 10. O-O Be7 11. f4 Qc5 12. Kh1 O-O 13. f5 Qe5 14. fxe6
fxe6 15. Rf5 Nxe4 16. Rxe5 Nf2+ 17. Kg1 dxe5 18. Qe2 exd4 19. Ne4 d3 20. cxd3
Bd7 21. Nxf2 Bc5 22. Rf1 Rxf2 23. Rxf2 Rf8 24. Bxe6+ Bxe6 25. Qxe6+ Kh8 26. Qe2
Rxf2 27. Qxf2 Bxf2+ 28. Kxf2 Kg8 29. Ke3 Kf7 30. Kd4 Ke6 31. Kc5 1-0

[Event "España ch Universitario 2010"]
[Site "Leon ESP"]
[Date "2010.05.04"]
[Round "6.5"]
[White "Claros Egea, Christian"]
[Black "Recuero Guerra, David"]
[Result "0-1"]
[WhiteElo "2261"]
[BlackElo "2470"]
[PlyCount "48"]
[EventDate "2010.05.03"]
[EventType "swiss"]
[EventRounds "9"]
[EventCountry "ESP"]
[Source "lmi"]
[SourceDate "2010.05.03"]

1. e4 c5 2. Nf3 d6 3. d4 cxd4 4. Nxd4 Nf6 5. Nc3 Nc6 6. Bb5 Bd7 7. O-O g6 8.
Bxc6 Bxc6 9. Nxc6 bxc6 10. e5 dxe5 11. Qf3 Rc8 12. Bg5 Bg7 13. Rad1 Qc7 14.
Bxf6 Bxf6 15. Ne4 Bg7 16. Qh3 Rd8 17. Nc5 O-O 18. Nd7 Rfe8 19. Rd2 e4 20. Rfd1
Kh8 21. b4 a5 22. a3 axb4 23. axb4 Ra8 24. c4 Qf4 0-1

[Event "España ch Universitario 2010"]
[Site "Leon ESP"]
[Date "2010.05.04"]
[Round "7.1"]
[White "Pallardo Lozoya, Jose Vicente"]
[Black "Llaneza Vega, Marcos"]
[Result "0-1"]
[WhiteElo "2356"]
[BlackElo "2475"]
[PlyCount "62"]
[EventDate "2010.05.03"]
[EventType "swiss"]
[EventRounds "9"]
[EventCountry "ESP"]
[Source "lmi"]
[SourceDate "2010.05.03"]

1. e4 c5 2. Nc3 a6 3. g3 b5 4. Bg2 Bb7 5. d3 e6 6. Be3 d5 7. exd5 Nf6 8. Nf3
Nxd5 9. Nxd5 Bxd5 10. c4 Bc6 11. O-O Be7 12. Qc2 Qb6 13. b4 Qb7 14. cxb5 Bxf3
15. bxa6 Rxa6 16. Bxf3 Qxf3 17. b5 Ra8 18. Bxc5 Nd7 19. Bxe7 Kxe7 20. a4 Rhb8
21. Qb2 f6 22. Qb4+ Kf7 23. Rfc1 Rb7 24. a5 Qd5 25. b6 Ne5 26. a6 Nf3+ 27. Kg2
Ng5+ 28. Kg1 Nh3+ 29. Kf1 Rxa6 30. Rxa6 Qh1+ 31. Ke2 Qxc1 0-1